Research on Discounting Private Companies in the Markets of Central and Eastern Europe

Zrážky (zľavy) a bonusy (prémie) pri ocenení predstavujúce úpravu (zvýšenie či zníženie) stanovenej hodnoty podniku. Rozhodovanie o potrebe, spôsobe a rozsahu uplatnenia zrážok a bonusov v oblasti oceňovania podnikov. Špecifiká pri uplatňovaní konkrétneho prístupu pri oceňovaní. Uplatňovanie zrážok...

Descrizione completa

Salvato in:
Dettagli Bibliografici
Autore principale: Harumová, Anna, 1955-
Altri autori: Londák, Ján
Natura: Capitolo di libro
Lingua:inglese
Soggetti:
Tags: Aggiungi Tag
Nessun Tag, puoi essere il primo ad aggiungerne!!

MARC

LEADER 00000naa$a2200000$$$4500
001 0270389
005 20240502074234.0
041 0 |a eng 
044 |a SK 
245 1 0 |a Research on Discounting Private Companies in the Markets of Central and Eastern Europe  |c Anna Harumová, Ján Londák 
520 |a Zrážky (zľavy) a bonusy (prémie) pri ocenení predstavujúce úpravu (zvýšenie či zníženie) stanovenej hodnoty podniku. Rozhodovanie o potrebe, spôsobe a rozsahu uplatnenia zrážok a bonusov v oblasti oceňovania podnikov. Špecifiká pri uplatňovaní konkrétneho prístupu pri oceňovaní. Uplatňovanie zrážok a bonusov na trhoch strednej a východnej Európy. Výskum za obdobie 1. 1. 2008 – 31. 12. 2019 na vzorke 3 774 transakcií súkromných a verejných spoločností podľa údajov o podnikových transakciách z databázy Mergermarket. 
610 2 0 |a hodnota podniku 
610 2 0 |a oceňovanie 
610 2 0 |a zrážky obchodné 
610 2 0 |a riziko investičné 
610 2 0 |a podnik súkromný 
610 2 0 |a sektory hospodárske 
610 2 0 |a Slovensko 
610 2 0 |a SVE 
100 1 |a Harumová, Anna, 1955- 
700 1 |a Londák, Ján